Statistics for Biggest Cities in Sweden

Click here to take the quiz!

General Stats

  • This quiz has been taken 24,179 times
    (23,901 since last reset)
  • The average score is 7 of 15

Answer Stats

PopulationCity% Correct
1,372,565Stockholm
100%
280,415Malmö
91%
549,839Gothenburg
89%
140,454Uppsala
61%
79,594Umeå
44%
104,232Linköping
43%
87,247Norrköping
42%
89,396Jönköping
41%
97,122Helsingborg
37%
82,800Lund
37%
107,038Örebro
37%
110,877Västerås
33%
71,000Gävle
27%
66,273Borås
21%
64,679Eskilstuna
18%

Score Distribution

Percentile by Number Answered

Percent of People with Each Score

Your Score History

You have not taken this quiz since the last reset